[Event "Icelandic Team Championship 2019-21 - 2"]
[Site "Reykjavik"]
[Date "2021.05.15"]
[Round "6.2"]
[White "Helgason, Jon Thor"]
[Black "Baldvinsson, Loftur"]
[Result "0-1"]
[WhiteElo "1670"]
[BlackElo "1933"]
[PlyCount "66"]
[EventDate "2019.10.04"]
[WhiteTeam "Skákdeild Hauka"]
[BlackTeam "Skákdeild KR"]

1. e4 e6 2. Nf3 d5 3. exd5 exd5 4. d4 Bd6 5. Bg5 f6 6. Bh4 Bg4 7. Nbd2 Ne7 8.
Bd3 Nbc6 9. c3 Qd7 10. Qc2 O-O-O 11. Bg3 Nf5 12. O-O-O Nxg3 13. hxg3 g6 14. Rh2
Qg7 15. Re1 Rde8 16. Rhh1 Bd7 17. Nf1 f5 18. Ne3 f4 19. gxf4 Bxf4 20. Kb1 Bxe3
21. fxe3 Re7 22. e4 dxe4 23. Bxe4 Rxe4 24. Rxe4 Bf5 25. d5 Ne7 26. g4 Bxe4 27.
Qxe4 Rd8 28. c4 h6 29. Nd4 Qf6 30. Rxh6 Qf1+ 31. Kc2 Qxc4+ 32. Kb1 Nxd5 33.
Rxg6 Nb4 0-1

[Event "Icelandic Team Championship 2019-21 - 2"]
[Site "Reykjavik"]
[Date "2021.05.15"]
[Round "6.3"]
[White "Hafdisarson, Ingi Thor"]
[Black "Bjorgvinsson, Andri Freyr"]
[Result "0-1"]
[WhiteElo "1283"]
[BlackElo "2056"]
[PlyCount "98"]
[EventDate "2019.10.04"]
[WhiteTeam "Taflfélag Garðabæjar b-sveit"]
[BlackTeam "Skákfélag Akureyrar b-sveit"]

1. d4 Nf6 2. Nc3 d5 3. Bf4 c6 4. Nf3 Bf5 5. e3 Nbd7 6. h3 Qb6 7. Rb1 e6 8. Nh4
Be4 9. Nxe4 Nxe4 10. Nf3 Qa5+ 11. Nd2 Nxd2 12. Qxd2 Qxa2 13. Qc1 Qa5+ 14. c3
Be7 15. Bd3 O-O 16. O-O c5 17. Qd1 c4 18. Bc2 Nf6 19. Qf3 b5 20. g4 Qd8 21. Qg2
a5 22. f3 b4 23. e4 b3 24. Bd1 a4 25. e5 Nd7 26. Bc1 a3 27. bxa3 Bxa3 28. Bxa3
Rxa3 29. f4 Qa5 30. Qf3 Qa7 31. f5 Nxe5 32. Qf4 Nd3 33. Qg5 f6 34. Qe3 e5 35.
Bxb3 cxb3 36. Qxd3 Rb8 37. Rf2 e4 38. Qe2 Qc7 39. Qd2 Qg3+ 40. Rg2 Qc7 41. g5
Ra2 42. Rb2 Rxb2 43. Qxb2 fxg5 44. Rxg5 Qf4 45. Qg2 Rb7 46. f6 Qxf6 47. Qg4 Rf7
48. Qc8+ Rf8 49. Qb7 Qxg5+ 0-1

[Event "Icelandic Team Championship 2019-21 - 2"]
[Site "Reykjavik"]
[Date "2021.05.15"]
[Round "6.4"]
[White "Brynjarsson, Helgi"]
[Black "Sigurdsson, Saeberg"]
[Result "0-1"]
[WhiteElo "2087"]
[BlackElo "2129"]
[PlyCount "74"]
[EventDate "2019.10.04"]
[WhiteTeam "Hrókar alls fagnaðar"]
[BlackTeam "Skákfélagið Huginn b-sveit"]

1. e4 Nf6 2. e5 Nd5 3. d4 d6 4. c4 Nb6 5. exd6 exd6 6. Nc3 Be7 7. Bd3 Nc6 8.
Be3 Bf6 9. Nge2 Bg4 10. Qd2 Nb4 11. b3 Nxd3+ 12. Qxd3 O-O 13. O-O Qd7 14. Ng3
d5 15. c5 Nc8 16. f3 Be6 17. Nce2 g6 18. Nf4 Ne7 19. Nxe6 Qxe6 20. Rfe1 Qd7 21.
b4 Rfe8 22. b5 h5 23. Bf2 Kg7 24. Rab1 h4 25. Nf1 Nf5 26. Nd2 Rxe1+ 27. Rxe1 a6
28. Rb1 axb5 29. Rxb5 Rxa2 30. Rxb7 Qa4 31. Nb3 Qc4 32. Qd1 Rc2 33. g3 hxg3 34.
hxg3 Qc3 35. Rb5 Rb2 36. Rb7 Ne3 37. Qc1 Rxb3 0-1

[Event "Icelandic Team Championship 2019-21 - 2"]
[Site "Reykjavik"]
[Date "2021.05.15"]
[Round "6.4"]
[White "Petursson, Palmi Ragnar"]
[Black "Sigurdsson, Birkir Karl"]
[Result "1-0"]
[WhiteElo "2192"]
[BlackElo "1942"]
[PlyCount "45"]
[EventDate "2019.10.04"]
[WhiteTeam "Skákfélagið Huginn b-sveit"]
[BlackTeam "Hrókar alls fagnaðar"]

1. e4 e6 2. d4 d5 3. e5 c5 4. c3 Qb6 5. Nf3 Bd7 6. dxc5 Bxc5 7. Qc2 Bb5 8. b4
Be7 9. Be3 Qa6 10. Bxb5+ Qxb5 11. a4 Qd7 12. O-O Nc6 13. Nbd2 Qc7 14. Qd3 a6
15. Bf4 f6 16. exf6 Qxf4 17. fxg7 Qf6 18. gxh8=Q Qxh8 19. Rfe1 Kf7 20. b5 axb5
21. Qxb5 Qxc3 22. Qxb7 Ra7 23. Qxc6 1-0

[Event "Icelandic Team Championship 2019-21 - 2"]
[Site "Reykjavik"]
[Date "2021.05.15"]
[Round "6.4"]
[White "Mogensen, Asgeir"]
[Black "Loftsson, Arnaldur"]
[Result "0-1"]
[WhiteElo "1879"]
[BlackElo "1976"]
[PlyCount "66"]
[EventDate "2019.10.04"]
[WhiteTeam "Hrókar alls fagnaðar"]
[BlackTeam "Skákfélagið Huginn b-sveit"]

1. d4 g6 2. c4 Bg7 3. Nf3 d6 4. e4 Nd7 5. Nc3 e5 6. Be2 Ngf6 7. O-O O-O 8. h3
exd4 9. Nxd4 Nc5 10. Bf3 Re8 11. Re1 a5 12. Bg5 h6 13. Bh4 Bd7 14. a4 Qc8 15.
Ndb5 Bc6 16. Qc2 g5 17. Bg3 h5 18. Bxd6 cxd6 19. Nxd6 Qe6 20. Nxe8 Rxe8 21. e5
Nfd7 22. Nd5 Rf8 23. Bxh5 Nxe5 24. Bg4 Qd6 25. Rad1 Bxa4 26. Qf5 Bxd1 27. Bxd1
Ng6 28. Bc2 Ne6 29. c5 Qd7 30. h4 gxh4 31. Re4 Nxc5 32. Ne7+ Nxe7 33. Qxc5 Rc8
0-1

[Event "Icelandic Team Championship 2019-21 - 2"]
[Site "Reykjavik"]
[Date "2021.05.15"]
[Round "6.4"]
[White "Vigfusson, Vigfus"]
[Black "Ulfsson, Olafur Evert"]
[Result "1/2-1/2"]
[WhiteElo "1966"]
[BlackElo "1791"]
[PlyCount "62"]
[EventDate "2019.10.04"]
[WhiteTeam "Skákfélagið Huginn b-sveit"]
[BlackTeam "Hrókar alls fagnaðar"]

1. e4 e6 2. d4 d5 3. Nc3 Bb4 4. e5 c5 5. a3 Ba5 6. Qg4 Kf8 7. Nf3 Nc6 8. Bb5
Qb6 9. Bxc6 bxc6 10. O-O cxd4 11. Na4 Qc7 12. Qxd4 Ba6 13. Rd1 Be2 14. Qc5+ Ne7
15. Bg5 Bxd1 16. Rxd1 Bb6 17. Nxb6 axb6 18. Bxe7+ Qxe7 19. Qxc6 Rb8 20. c4 Qc5
21. cxd5 exd5 22. Qd6+ Qxd6 23. exd6 f6 24. Rxd5 Kf7 25. Nd4 Rhd8 26. f4 Rbc8
27. b4 Rc3 28. f5 Rxa3 29. Nc6 Rd7 30. Nb8 Rd8 31. Nc6 Rd7 1/2-1/2

[Event "Icelandic Team Championship 2019-21 - 2"]
[Site "Reykjavik"]
[Date "2021.05.15"]
[Round "6.4"]
[White "Ivarsson Schram, Bjorgvin"]
[Black "Johannsdottir, Johanna Bjorg"]
[Result "0-1"]
[WhiteElo "1584"]
[BlackElo "1894"]
[PlyCount "82"]
[EventDate "2019.10.04"]
[WhiteTeam "Hrókar alls fagnaðar"]
[BlackTeam "Skákfélagið Huginn b-sveit"]

1. e4 g6 2. d4 Bg7 3. Nf3 d6 4. h3 Nd7 5. Be3 c5 6. Nc3 b6 7. Bc4 h6 8. dxc5
Nxc5 9. e5 Be6 10. Bb5+ Bd7 11. exd6 Bxc3+ 12. bxc3 Bxb5 13. c4 Bc6 14. Ne5
Bxg2 15. Rg1 Qxd6 16. Bd4 Bb7 17. Nxf7 Kxf7 18. Bxh8 Qe6+ 19. Qe2 Nf6 20. Bxf6
exf6 21. Qxe6+ Nxe6 22. O-O-O Nc5 23. Rd4 Re8 24. Rdg4 g5 25. f4 Re2 26. fxg5
hxg5 27. h4 Be4 28. hxg5 Bxc2 29. g6+ Kg7 30. R1g3 Nd3+ 31. Rxd3 Bxd3 32. Rd4
Bxg6 33. Rd7+ Kh6 34. Rxa7 Rc2+ 35. Kd1 Rxc4 36. Kd2 Kg5 37. a4 f5 38. a5 bxa5
39. Rxa5 Re4 40. Kd3 Re6 41. Ra1 f4+ 0-1

[Event "Icelandic Team Championship 2019-21 - 2"]
[Site "Reykjavik"]
[Date "2021.05.15"]
[Round "6.4"]
[White "Hallsson, Jon Eggert"]
[Black "Arnarson, David"]
[Result "1-0"]
[WhiteElo "1738"]
[BlackElo "1532"]
[PlyCount "47"]
[EventDate "2019.10.04"]
[WhiteTeam "Skákfélagið Huginn b-sveit"]
[BlackTeam "Hrókar alls fagnaðar"]

1. e4 c5 2. c3 d6 3. d4 cxd4 4. cxd4 Nf6 5. Nc3 Nbd7 6. Nf3 g6 7. Bc4 Bg7 8. e5
dxe5 9. dxe5 Ng4 10. e6 fxe6 11. Ng5 Nde5 12. Bb5+ Bd7 13. Nxe6 Bxb5 14. Qxd8+
Rxd8 15. Nxb5 Rc8 16. O-O Nd3 17. Nxg7+ Kf7 18. Bd2 Rhd8 19. Bc3 e5 20. f4 Kxg7
21. h3 Ne3 22. Rf3 Nf5 23. fxe5 a6 24. Nd6 1-0

[Event "Icelandic Team Championship 2019-21 - 2"]
[Site "Reykjavik"]
[Date "2021.05.16"]
[Round "7.1"]
[White "Sigurdsson, Saeberg"]
[Black "Finnbogadottir, Tinna Kristin"]
[Result "1-0"]
[WhiteElo "2129"]
[BlackElo "1829"]
[PlyCount "115"]
[EventDate "2019.10.04"]
[WhiteTeam "Skákfélagið Huginn b-sveit"]
[BlackTeam "Skákdeild Fjölnis-b"]

1. d4 d5 2. c4 c6 3. Nf3 Nf6 4. g3 e6 5. Bg2 Be7 6. O-O O-O 7. Qc2 Nbd7 8. c5
a5 9. Nc3 b6 10. cxb6 Qxb6 11. Na4 Qb5 12. b3 c5 13. Ba3 Ne4 14. Ne1 Bb7 15. f3
Nef6 16. Nxc5 Nxc5 17. Bxc5 Rfc8 18. Nd3 Nd7 19. Rfc1 e5 20. a4 Qa6 21. Bh3
Nxc5 22. Bxc8 Rxc8 23. Nxc5 Qa7 24. e3 Bxc5 25. dxc5 h6 26. Qc3 d4 27. exd4
exd4 28. Qd3 Rxc5 29. Rxc5 Qxc5 30. Rd1 Qh5 31. Kg2 Qd5 32. Re1 g6 33. Re4 Qc5
34. Rxd4 Qc1 35. Rd8+ Kh7 36. Re8 Qb2+ 37. Re2 Qf6 38. Rf2 Bc6 39. Qc4 h5 40.
Qc5 Qe6 41. b4 axb4 42. Qxb4 Qd5 43. a5 Ba8 44. a6 Qc6 45. a7 Kg7 46. Qa3 g5
47. Qe3 f6 48. Qe7+ Kh6 49. Qe4 Qc8 50. Rc2 Qg8 51. Qf5 Qf7 52. h3 Bb7 53. Rd2
Ba8 54. Kh2 Qe7 55. Rc2 Qf7 56. Rc8 Qa2+ 57. Qc2 Qd5 58. Rh8+ 1-0

[Event "Icelandic Team Championship 2019-21 - 2"]
[Site "Reykjavik"]
[Date "2021.05.16"]
[Round "7.1"]
[White "Hauksdottir, Hrund"]
[Black "Vigfusson, Vigfus"]
[Result "1-0"]
[WhiteElo "1753"]
[BlackElo "1966"]
[PlyCount "101"]
[EventDate "2019.10.04"]
[WhiteTeam "Skákdeild Fjölnis-b"]
[BlackTeam "Skákfélagið Huginn b-sveit"]

1. e4 c5 2. Nc3 e6 3. f4 Nc6 4. Bb5 Nge7 5. Nf3 a6 6. Bxc6 Nxc6 7. O-O b5 8.
Qe1 Bb7 9. d3 d6 10. a3 Qc7 11. Qf2 Be7 12. Qg3 g6 13. f5 O-O-O 14. fxe6 fxe6
15. Qh3 Qd7 16. Bg5 Kb8 17. Rf2 Nd4 18. Bxe7 Qxe7 19. Nxd4 cxd4 20. Ne2 e5 21.
c3 Bc8 22. Qg3 dxc3 23. Nxc3 Be6 24. Qe3 Kb7 25. d4 exd4 26. Qxd4 Rhf8 27. Rxf8
Rxf8 28. Rd1 Qf7 29. h3 Rd8 30. Rf1 Qc7 31. Kh1 Qc5 32. Qf6 Re8 33. Rd1 Qe5 34.
Qh4 h5 35. Qf2 Bc4 36. Qd2 Kc7 37. Nd5+ Kb7 38. Rc1 g5 39. b3 Bxd5 40. exd5 Rc8
41. Re1 Qf5 42. Qd4 Rc7 43. a4 g4 44. hxg4 hxg4 45. a5 Qh7+ 46. Kg1 g3 47. Qb6+
Kc8 48. Qxa6+ Kd8 49. Qa8+ Rc8 50. Re8+ Kxe8 51. Qxc8+ 1-0

[Event "Icelandic Team Championship 2019-21 - 2"]
[Site "Reykjavik"]
[Date "2021.05.16"]
[Round "7.1"]
[White "Johannsdottir, Johanna Bjorg"]
[Black "Jonsson, Sveinbjorn"]
[Result "1-0"]
[WhiteElo "1894"]
[BlackElo "1706"]
[PlyCount "97"]
[EventDate "2019.10.04"]
[WhiteTeam "Skákfélagið Huginn b-sveit"]
[BlackTeam "Skákdeild Fjölnis-b"]

1. e4 c5 2. Nf3 d6 3. Bc4 e6 4. c3 Nf6 5. d3 Nc6 6. O-O Be7 7. Nbd2 O-O 8. Bb3
h6 9. Re1 e5 10. Nf1 Nh7 11. Ne3 Bg5 12. Nxg5 Nxg5 13. Nd5 Be6 14. f4 exf4 15.
Bxf4 Ne5 16. Bxe5 dxe5 17. Kh1 Rc8 18. Qh5 b5 19. Rad1 a5 20. Ne3 Bxb3 21. axb3
Rc6 22. Rf1 Rd6 23. Nd5 f5 24. h4 Nh7 25. Rxf5 Rxf5 26. Qxf5 Qxh4+ 27. Kg1 Qg5
28. Qc8+ Nf8 29. Rf1 Qd8 30. Qxc5 Ng6 31. Qxb5 Kh7 32. Qc5 Nh4 33. Rf2 Ng6 34.
b4 axb4 35. Nxb4 Rf6 36. g3 Rxf2 37. Qxf2 Qg5 38. Nd5 h5 39. Ne3 Nf4 40. Qf3
Nxd3 41. b4 Nf4 42. Kf1 Ng6 43. b5 h4 44. b6 hxg3 45. b7 Nh4 46. Qe2 Qf4+ 47.
Ke1 Nf3+ 48. Kd1 Qxe4 49. b8=Q 1-0

[Event "Icelandic Team Championship 2019-21 - 2"]
[Site "Reykjavik"]
[Date "2021.05.16"]
[Round "7.1"]
[White "Finnsson, Johann Arnar"]
[Black "Davidsson, Oskar Vikingur"]
[Result "1-0"]
[WhiteElo "1747"]
[BlackElo "1895"]
[PlyCount "107"]
[EventDate "2019.10.04"]
[WhiteTeam "Skákdeild Fjölnis-b"]
[BlackTeam "Skákfélagið Huginn b-sveit"]

1. g3 e5 2. Bg2 d5 3. d4 e4 4. c4 c6 5. cxd5 cxd5 6. Nc3 Nf6 7. Nh3 Bxh3 8.
Bxh3 h6 9. Qb3 Nc6 10. Qxb7 Nxd4 11. O-O Bc5 12. Bf4 O-O 13. Rfd1 Qb6 14. Qxb6
Bxb6 15. Be5 Nc2 16. Rac1 d4 17. Na4 Nb4 18. Nxb6 axb6 19. a3 Nbd5 20. Bxd4 b5
21. Rc5 Rfd8 22. Bxf6 Nxf6 23. Rxd8+ Rxd8 24. Rc8 Rxc8 25. Bxc8 Ne8 26. Bd7 Nd6
27. b3 Kf8 28. e3 Ke7 29. Bc6 Kd8 30. Kf1 Kc7 31. Bd5 Kb6 32. b4 f5 33. Ke2 g5
34. h3 Kc7 35. Kd2 Ne8 36. Bf7 Ng7 37. Kc3 Kd6 38. Kd4 h5 39. Bg8 Ne8 40. Kc3
Ke5 41. Bf7 Nf6 42. a4 bxa4 43. b5 h4 44. gxh4 gxh4 45. Kb4 Nd7 46. Kxa4 f4 47.
Ka5 fxe3 48. fxe3 Kd6 49. Bg6 Nc5 50. Kb6 Nd7+ 51. Ka6 Kc7 52. Ka7 Nc5 53. b6+
Kc6 54. b7 1-0

[Event "Icelandic Team Championship 2019-21 - 2"]
[Site "Reykjavik"]
[Date "2021.05.16"]
[Round "7.1"]
[White "Maggason, Oskar"]
[Black "Davidsson, Joshua"]
[Result "0-1"]
[WhiteElo "1800"]
[BlackElo "1531"]
[PlyCount "64"]
[EventDate "2019.10.04"]
[WhiteTeam "Skákfélagið Huginn b-sveit"]
[BlackTeam "Skákdeild Fjölnis-b"]

1. d4 d5 2. c4 e6 3. Nf3 Nf6 4. Nc3 c6 5. e3 Nbd7 6. a4 Bb4 7. Bd3 O-O 8. O-O
Qc7 9. Qe2 e5 10. e4 Bxc3 11. bxc3 exd4 12. e5 Ne4 13. cxd4 f5 14. Ba3 Re8 15.
Rac1 Qa5 16. cxd5 cxd5 17. Qa2 Nb6 18. Bb5 Bd7 19. Bxd7 Nxd7 20. Rfd1 Nb6 21.
Qb3 Rac8 22. Bc5 Qxa4 23. Qxa4 Nxa4 24. h4 Nb2 25. Rf1 b6 26. Ba3 Rxc1 27. Rxc1
Nc4 28. Bb4 a5 29. Be1 b5 30. Kh2 b4 31. Ng1 b3 32. f3 Ned2 0-1

[Event "Icelandic Team Championship 2019-21 - 2"]
[Site "Reykjavik"]
[Date "2021.05.16"]
[Round "7.1"]
[White "Gunnlaugsson, Arnor"]
[Black "Hallsson, Jon Eggert"]
[Result "1-0"]
[WhiteElo "1274"]
[BlackElo "1738"]
[PlyCount "91"]
[EventDate "2019.10.04"]
[WhiteTeam "Skákdeild Fjölnis-b"]
[BlackTeam "Skákfélagið Huginn b-sveit"]

1. e4 e6 2. d4 d5 3. exd5 exd5 4. Nf3 Bd6 5. Nc3 Ne7 6. Be2 O-O 7. O-O c6 8.
Bg5 f6 9. Bh4 Nf5 10. Bd3 Na6 11. a3 Nc7 12. Re1 Re8 13. Re2 Bd7 14. Qd2 Rxe2
15. Qxe2 Qf8 16. Re1 Re8 17. Qd1 a5 18. a4 b6 19. Bg3 Nxg3 20. hxg3 Bb4 21. Nh4
g6 22. Rxe8 Qxe8 23. Qf3 Bxc3 24. bxc3 Qf7 25. Qf4 Be8 26. Nf3 Kg7 27. Nh4 b5
28. axb5 cxb5 29. Qd6 Qd7 30. Qa3 a4 31. Qb4 Kf7 32. Nf3 h6 33. Nh4 Kg7 34. f4
h5 35. f5 g5 36. Ng6 Bxg6 37. fxg6 f5 38. Bxf5 Qd8 39. Qa5 Qe7 40. Qa7 h4 41.
g4 Qe1+ 42. Kh2 Qg3+ 43. Kh1 Qe1+ 44. Kh2 Qxc3 45. Qb6 a3 46. Bd3 1-0

[Event "Icelandic Team Championship 2019-21 - 2"]
[Site "Reykjavik"]
[Date "2021.05.16"]
[Round "7.2"]
[White "Bjorgvinsson, Andri Freyr"]
[Black "Brynjarsson, Helgi"]
[Result "1/2-1/2"]
[WhiteElo "2056"]
[BlackElo "2087"]
[PlyCount "40"]
[EventDate "2019.10.04"]
[WhiteTeam "Skákfélag Akureyrar b-sveit"]
[BlackTeam "Hrókar alls fagnaðar"]

1. d4 d5 2. Nc3 Nf6 3. Bf4 a6 4. e3 Bf5 5. f3 e6 6. g4 Bg6 7. h4 h5 8. g5 Ng8
9. Bd3 Bxd3 10. Qxd3 Bd6 11. Nge2 Bxf4 12. Nxf4 Qd6 13. O-O-O Ne7 14. Qd2 Nd7
15. e4 O-O-O 16. Kb1 g6 17. Ng2 Nb6 18. Ne3 Rhe8 19. e5 Qc6 20. b3 Kb8 1/2-1/2

[Event "Icelandic Team Championship 2019-21 - 2"]
[Site "Reykjavik"]
[Date "2021.05.16"]
[Round "7.2"]
[White "Sigurdsson, Birkir Karl"]
[Black "Haraldsson, Haraldur"]
[Result "1/2-1/2"]
[WhiteElo "1942"]
[BlackElo "1993"]
[PlyCount "82"]
[EventDate "2019.10.04"]
[WhiteTeam "Hrókar alls fagnaðar"]
[BlackTeam "Skákfélag Akureyrar b-sveit"]

1. d4 Nf6 2. c4 e6 3. Nc3 d5 4. cxd5 exd5 5. Bg5 Be7 6. Qc2 O-O 7. e3 c6 8. Bd3
Nbd7 9. Nge2 Re8 10. O-O Ne4 11. Bf4 Nef6 12. Nb5 Nf8 13. Nc7 Bd7 14. Nxa8 Qxa8
15. f3 b6 16. e4 c5 17. e5 Nh5 18. Bd2 g6 19. Qd1 c4 20. Bc2 b5 21. f4 Ng7 22.
Ng3 f5 23. Qe1 Nfe6 24. Bc3 Qb7 25. a3 a5 26. Bxa5 Nxd4 27. Bd1 Bc5 28. Kh1 Nc6
29. Bf3 Nd4 30. Rd1 Nxf3 31. Rxf3 d4 32. Bb4 Ba7 33. Qd2 Bc6 34. Rff1 Ne6 35.
Rde1 Qa8 36. Qc2 h5 37. Rf2 h4 38. Nh5 d3 39. Nf6+ Kf7 40. Qd2 Rd8 41. h3 Nc5
1/2-1/2

[Event "Icelandic Team Championship 2019-21 - 2"]
[Site "Reykjavik"]
[Date "2021.05.16"]
[Round "7.2"]
[White "Karlsson, Thorleifur"]
[Black "Eidsson, Johann Oli"]
[Result "1-0"]
[WhiteElo "1982"]
[BlackElo "1771"]
[PlyCount "105"]
[EventDate "2019.10.04"]
[WhiteTeam "Skákfélag Akureyrar b-sveit"]
[BlackTeam "Hrókar alls fagnaðar"]

1. e4 c5 2. Nf3 Nc6 3. d4 cxd4 4. Nxd4 Nf6 5. Nc3 e5 6. Ndb5 d6 7. Bg5 a6 8.
Bxf6 gxf6 9. Na3 b5 10. Nd5 f5 11. Nxb5 axb5 12. Bxb5 Ra6 13. O-O f4 14. Nb4
Bd7 15. Nxa6 Qh4 16. f3 Be7 17. Nc7+ Kf8 18. Nd5 Bd8 19. Kh1 Rg8 20. Bxc6 Bc8
21. Nc3 Rg6 22. Qe1 Qh5 23. Qf2 Rh6 24. g4 fxg3 25. Qxg3 Rg6 26. Qf2 Bh3 27.
Rg1 Bb6 28. Qe2 Rh6 29. Nd5 Ba7 30. Rg3 Bc8 31. Qg2 Rg6 32. Rxg6 hxg6 33. Nf6
Qh4 34. Nd5 Bf2 35. Rf1 Ba7 36. Qg3 Qh6 37. f4 Ba6 38. Re1 Qh5 39. Nf6 Qh6 40.
Ng4 Qh5 41. fxe5 dxe5 42. b3 Bc8 43. Nxe5 Kg8 44. Nd7 Bd4 45. Bd5 Bxd7 46. Rf1
Be5 47. Qf2 Kh8 48. Bxf7 Bh3 49. Bxg6 Qxg6 50. Qh4+ Qh7 51. Rf8+ Kg7 52. Rf7+
Kg8 53. Qxh7# 1-0

[Event "Icelandic Team Championship 2019-21 - 2"]
[Site "Reykjavik"]
[Date "2021.05.16"]
[Round "7.2"]
[White "Mogensen, Asgeir"]
[Black "Bjornsson, Agust Bragi"]
[Result "1-0"]
[WhiteElo "1879"]
[BlackElo "1958"]
[PlyCount "69"]
[EventDate "2019.10.04"]
[WhiteTeam "Hrókar alls fagnaðar"]
[BlackTeam "Skákfélag Akureyrar b-sveit"]

1. d4 d5 2. c4 c6 3. Nf3 Nf6 4. Nc3 dxc4 5. a4 Bf5 6. e3 e6 7. Bxc4 Bb4 8. O-O
Nbd7 9. Nd2 Nb6 10. f3 O-O 11. a5 Nbd5 12. Bxd5 exd5 13. Nb3 Rc8 14. Ne2 Re8
15. Ng3 Bg6 16. Nc5 b6 17. axb6 axb6 18. Nd3 Bd6 19. f4 Qc7 20. Ne5 h6 21. Nxg6
fxg6 22. Bd2 c5 23. Qb3 Qc6 24. Ra6 Rb8 25. Rc1 Ng4 26. e4 Kh7 27. e5 Qb7 28.
Rca1 c4 29. Qb5 Be7 30. h3 Bh4 31. Nh1 Ra8 32. hxg4 Rxa6 33. Qxa6 Qd7 34. Qa4
b5 35. Qd1 1-0

[Event "Icelandic Team Championship 2019-21 - 2"]
[Site "Reykjavik"]
[Date "2021.05.16"]
[Round "7.2"]
[White "Steingrimsson, Karl Egill"]
[Black "Ivarsson Schram, Bjorgvin"]
[Result "1-0"]
[WhiteElo "1639"]
[BlackElo "1584"]
[PlyCount "67"]
[EventDate "2019.10.04"]
[WhiteTeam "Skákfélag Akureyrar b-sveit"]
[BlackTeam "Hrókar alls fagnaðar"]

1. Nf3 Nf6 2. d4 d5 3. h3 e6 4. Bg5 c5 5. e3 a6 6. Be2 Qb6 7. Bxf6 Qxb2 8. Nbd2
gxf6 9. c4 cxd4 10. Nxd4 Bb4 11. Nc2 dxc4 12. Nxb4 Qxb4 13. Bxc4 O-O 14. Rb1
Qa5 15. O-O Nd7 16. Ne4 f5 17. Nd6 Ne5 18. f4 Nxc4 19. Nxc4 Qc5 20. Qe2 b5 21.
Ne5 Rd8 22. Rbc1 Qb6 23. Rc6 Qa7 24. Rfc1 Bb7 25. Rc7 Rac8 26. Kh2 Rxc7 27.
Rxc7 Qb8 28. Rxf7 Rf8 29. Qh5 Rxf7 30. Qxf7+ Kh8 31. Qxe6 Qg8 32. Qf6+ Qg7 33.
Nf7+ Kg8 34. Nh6+ 1-0

[Event "Icelandic Team Championship 2019-21 - 2"]
[Site "Reykjavik"]
[Date "2021.05.16"]
[Round "7.2"]
[White "Arnarson, David"]
[Black "Eymundsson, Eymundur"]
[Result "0-1"]
[WhiteElo "1532"]
[BlackElo "1636"]
[PlyCount "27"]
[EventDate "2019.10.04"]
[WhiteTeam "Hrókar alls fagnaðar"]
[BlackTeam "Skákfélag Akureyrar b-sveit"]

1. e4 c5 2. c3 e6 3. d4 cxd4 4. cxd4 Bb4+ 5. Bd2 Bxd2+ 6. Nxd2 Nf6 7. e5 Nd5 8.
Nc4 O-O 9. Bd3 Nc6 10. Qg4 f5 11. exf6 Nxf6 12. Qh4 d5 13. Ne5 Qa5+ 14. Ke2 0-1

[Event "Icelandic Team Championship 2019-21 - 2"]
[Site "Reykjavik"]
[Date "2021.05.16"]
[Round "7.3"]
[White "Karlsson, Agust S"]
[Black "Hafdisarson, Ingi Thor"]
[Result "1/2-1/2"]
[WhiteElo "2275"]
[BlackElo "1283"]
[PlyCount "51"]
[EventDate "2019.10.04"]
[WhiteTeam "Skákdeild Hauka"]
[BlackTeam "Taflfélag Garðabæjar b-sveit"]

1. e4 c5 2. Nf3 d6 3. Bb5+ Nd7 4. O-O Ngf6 5. Re1 a6 6. Bf1 g6 7. c3 Bg7 8. d4
cxd4 9. cxd4 e6 10. Nc3 O-O 11. Bf4 Nb6 12. Rc1 Nh5 13. Bg5 Bf6 14. Bxf6 Nxf6
15. a4 Bd7 16. a5 Nc8 17. e5 dxe5 18. dxe5 Nh5 19. b4 Bc6 20. Nd4 Ne7 21. Qg4
Nd5 22. Nxd5 Bxd5 23. Rc5 Rc8 24. Rec1 Rxc5 25. Rxc5 b6 26. axb6 1/2-1/2

[Event "Icelandic Team Championship 2019-21 - 2"]
[Site "Reykjavik"]
[Date "2021.05.16"]
[Round "7.4"]
[White "Thorsteinsson, Thorsteinn"]
[Black "Viglundsson, Bjorgvin"]
[Result "0-1"]
[WhiteElo "2268"]
[BlackElo "2197"]
[PlyCount "68"]
[EventDate "2019.10.04"]
[WhiteTeam "Taflfélag Vestmannaeyja"]
[BlackTeam "Skákdeild KR"]

1. c4 Nf6 2. g3 g6 3. Bg2 Bg7 4. Nc3 O-O 5. e4 d6 6. Nge2 e5 7. O-O Nc6 8. d3
Be6 9. h3 Nd7 10. Rb1 a5 11. a3 f5 12. Nd5 a4 13. Be3 Nc5 14. Kh2 Qd7 15. Nec3
Nd4 16. Bxd4 exd4 17. exf5 Bxf5 18. Ne4 Nxe4 19. dxe4 Be6 20. f4 Ra5 21. Rc1 c6
22. Nb4 Rc5 23. Qxa4 Rxc4 24. Rxc4 Bxc4 25. Rc1 b5 26. Qd1 c5 27. Nd5 Bxd5 28.
exd5 c4 29. a4 d3 30. b3 bxa4 31. Rxc4 a3 32. Ra4 Bb2 33. Ra6 Qb7 34. Qxd3 Ra8
0-1

[Event "Icelandic Team Championship 2019-21 - 2"]
[Site "Reykjavik"]
[Date "2021.05.16"]
[Round "7.4"]
[White "Baldursson, Hrannar"]
[Black "Gudmundsson, Kristjan"]
[Result "1-0"]
[WhiteElo "2130"]
[BlackElo "2236"]
[PlyCount "74"]
[EventDate "2019.10.04"]
[WhiteTeam "Skákdeild KR"]
[BlackTeam "Taflfélag Vestmannaeyja"]

1. c4 Nf6 2. Nc3 g6 3. g3 Bg7 4. Bg2 O-O 5. e3 d6 6. Nge2 e5 7. O-O Qe7 8. d3
a5 9. Rb1 c6 10. a3 Be6 11. e4 Ne8 12. b3 Na6 13. d4 Bg4 14. h3 exd4 15. hxg4
dxc3 16. Qc2 b5 17. Nxc3 bxc4 18. bxc4 Qe6 19. Na4 Qxg4 20. Be3 Nec7 21. Rb6
Ne6 22. Rxc6 Rfd8 23. Rd1 Nac5 24. Rcxd6 Rxd6 25. Rxd6 Bf8 26. Rd5 Rc8 27. Nxc5
Nxc5 28. Kh2 Rc7 29. f3 Qe6 30. Qd1 Qa6 31. Bf1 a4 32. Rd8 Rc8 33. Bxc5 Rxc5
34. Rxf8+ Kxf8 35. Qd8+ Kg7 36. Qd4+ Qf6 37. Qxc5 Qxf3 1-0

[Event "Icelandic Team Championship 2019-21 - 2"]
[Site "Reykjavik"]
[Date "2021.05.16"]
[Round "7.4"]
[White "Hjartarson, Bjarni"]
[Black "Bergthorsson, Jon Thor"]
[Result "0-1"]
[WhiteElo "2090"]
[BlackElo "2143"]
[PlyCount "78"]
[EventDate "2019.10.04"]
[WhiteTeam "Taflfélag Vestmannaeyja"]
[BlackTeam "Skákdeild KR"]

1. e4 e5 2. Nf3 Nc6 3. d4 exd4 4. Bc4 Be7 5. c3 Nf6 6. e5 Ne4 7. Bd5 Nc5 8.
cxd4 Ne6 9. Nc3 Nb4 10. Bb3 c6 11. O-O d5 12. exd6 Qxd6 13. a3 Nd5 14. Nxd5
cxd5 15. Ba4+ Bd7 16. Bxd7+ Qxd7 17. Ne5 Qb5 18. b4 O-O 19. f4 Bf6 20. f5 Ng5
21. Ng4 Ne4 22. Bf4 Bd8 23. f6 Nxf6 24. Bd6 Re8 25. Be5 Ne4 26. Nh6+ gxh6 27.
Qg4+ Bg5 28. h4 Qb6 29. Kh2 Qe6 30. Rf5 f6 31. Raf1 h5 32. Qxh5 fxe5 33. hxg5
Qg6 34. Qg4 exd4 35. Rxd5 Rad8 36. Rff5 Rxd5 37. Rxd5 Qe6 38. Qxe6+ Rxe6 39.
Rxd4 Nxg5 0-1